Daily Capital City Riddle #16 - Statistics

General Stats
  • This quiz has been taken 88 times
  • The average score is 33 of 39
Answer Stats
Type Answer % Correct
Found Letter A
100%
Found Letter I
100%
Found Letter O
100%
Alphabet Letter S
100%
Found Letter T
100%
Alphabet Letter L
99%
Alphabet Letter C
97%
Alphabet Letter D
97%
Alphabet Letter E
97%
Alphabet Letter M
97%
Found Letter N
97%
Found Letter R
97%
Alphabet Letter H
95%
Alphabet Letter B
93%
Alphabet Letter G
93%
Alphabet Letter U
93%
Alphabet Letter W
90%
Alphabet Letter K
89%
Alphabet Letter P
89%
Correctly Placed Letter A
88%
Correctly Placed Letter A
86%
Correctly Placed Letter A
85%
Alphabet Letter Y
85%
Found Letter V
79%
Correctly Placed Letter N
78%
Alphabet Letter J
74%
Alphabet Letter X
73%
Correctly Placed Letter R
71%
Alphabet Letter Z
71%
Correctly Placed Letter A
68%
Correctly Placed Letter N
68%
Correctly Placed Letter T
67%
Alphabet Letter Q
66%
Alphabet Letter F
64%
Correctly Placed Letter N
63%
Correctly Placed Letter O
62%
Correctly Placed Letter I
60%
Mystery Capital Antananarivo
59%
Correctly Placed Letter V
59%
No matching quizzes found
Score Distribution
Percent of People with Each Score
Percentile by Number Answered
Your Score History
You have not taken this quiz